000 01542aam a2200337 i 4500
999 _c44623
_d44623
001 768714001
003 CO-MdFUSB
005 20240618062713.0
008 181009t1994 ck |||| |||| 00| 0 spa d
020 _a078990144
040 _aCO-MdFUSB
_bspa
_cCO-MdFUSB
_dCO-MdFUSBC
_erda
041 0 _aspa
_heng
082 _220
_a266
_bH887
100 1 _aMeroff , Deborah
_eautor
240 _aFootsteps in the Sea.
245 1 0 _aHuellas en el mar :
_baventuras con la operación movilización
_c/ Deborah Meroff ; traducido por Nellyda Pablovsky.
250 _aPrimera edición,
_baño 1997
264 1 _aMiami
_bUnilit,
_c[1994]
264 4 _c©1994
300 _a232 páginas
_c; 21 cm
336 _atexto
_btxt
_2rdacontent
337 _2rdamedia
_asin mediación
_bn
338 _2rdacarrier
_avolumen
_bnc
500 _aTítulo original en inglés : Footsteps in the Sea
501 _arústico
505 _aPrólogo - Soltando amarras - En África - Bebés del matorral - Cuando la ignorancia no es una bendición - Gustos adquiridos - Tierra de promisión - ¡Jambo, África Oriental! - Pasaje a la India - Comodidad sureña - Cometido : Los Andes - ¡Naufragio! - El gran aire libre - El final del arco iris - La sal de la vida - No hay lugar para una mujer - A la frontera - Arriba el telón - La Revolución Rusa - ¡El expreso de Oriente - Demoras y entregas - Lo grande y lo pequeño del mundo - El marinero está en casa.
563 _arústico
650 0 _aMisiones
_9154
942 _cBK
945 _aJTF-925